| 000 | 00728nam a2200229 a 4500 | ||
|---|---|---|---|
| 001 | BRCA_5699 | ||
| 005 | 20190320205203.0 | ||
| 008 | 020311s1952----enkob#####---#000-0#eng-# | ||
| 041 | _aeng | ||
| 044 | _aenk | ||
| 050 | 4 |
_aTN447 _b.B73 1952 |
|
| 100 | 1 |
_aBradley, Kenneth _cSr. Presidente _914475 |
|
| 245 | 1 | 0 |
_aCopper Venture _bthe discovery and development of Roan Antelope and Mufulira _cKenneth Bradley. |
| 260 |
_aGran Bretaña _bMufulira Copper and Roan Antelope _c1952 |
||
| 300 |
_a112 p. _bil., fotografías, mapas _c22 cm. |
||
| 500 | _aIncluye mapa de África e índice fotográfico | ||
| 500 | _aH22 | ||
| 650 | 1 | 4 |
_aMinas de cobre _914476 |
| 650 | 1 | 4 |
_aMinería _zZambia _914477 |
| 902 | _aGFM | ||
| 942 |
_2lcc _cB |
||
| 999 |
_c5392 _d5392 |
||